Sejarah Tanah Melayu : 1400-1959
| Main Author: | |
|---|---|
| Format: | Book |
| Published: |
Kuala Lumpur :
Dewan Bahasa dan Pustaka ,
1979
|
| Subjects: |
MARC
| LEADER | 00000cam a2200000 7i4500 | ||
|---|---|---|---|
| 001 | 0000007604 | ||
| 005 | 20161007.0 | ||
| 040 | |a INS | ||
| 090 | 0 | 0 | |a DS596 |b J47 1979 |
| 100 | 1 | |a Jessy, Joginder Singh | |
| 245 | 1 | 0 | |a Sejarah Tanah Melayu : |b 1400-1959 |c Joginder Singh Jessy |f Peyunting Haji Ahmad Bin Haji Saleh |
| 260 | |a Kuala Lumpur : |b Dewan Bahasa dan Pustaka , |c 1979 | ||
| 300 | |a 363p : |b 21cm | ||
| 650 | 0 | 0 | |a Malaya |x History |
| 999 | |a 0000022850 |b BOOK |c Open Shelf |e Default branch | ||
| 999 | |a 0000023448 |b BOOK |c Open Shelf |e Default branch | ||